Radiology made easy (Record no. 7992)

MARC details
000 -LEADER
fixed length control field 00590nam a22002177a 4500
003 - CONTROL NUMBER IDENTIFIER
control field OSt
005 - DATE AND TIME OF LATEST TRANSACTION
control field 20220822111024.0
008 - FIXED-LENGTH DATA ELEMENTS--GENERAL INFORMATION
fixed length control field 220822b ||||| |||| 00| 0 eng d
020 ## - INTERNATIONAL STANDARD BOOK NUMBER
International Standard Book Number 0521676355
040 ## - CATALOGING SOURCE
Transcribing agency NLM
082 ## - DEWEY DECIMAL CLASSIFICATION NUMBER
Classification number WN100
Item number B22r 2006
100 ## - MAIN ENTRY--PERSONAL NAME
Personal name Banerjee, Arpan K
9 (RLIN) 11165
245 ## - TITLE STATEMENT
Title Radiology made easy
250 ## - EDITION STATEMENT
Edition statement 2nd ed
260 ## - PUBLICATION, DISTRIBUTION, ETC. (IMPRINT)
Place of publication, distribution, etc. New York :
Name of publisher, distributor, etc. Cambridge University Press,
Date of publication, distribution, etc. c2006
300 ## - PHYSICAL DESCRIPTION
Extent xx, 178 p. :
Other physical details ill. ;
Dimensions 23 cm
504 ## - BIBLIOGRAPHY, ETC. NOTE
Bibliography, etc Includes index.
650 ## - SUBJECT ADDED ENTRY--TOPICAL TERM
Topical term or geographic name as entry element Medical radiology.
9 (RLIN) 16224
650 ## - SUBJECT ADDED ENTRY--TOPICAL TERM
Topical term or geographic name as entry element Radiography -- methods.
9 (RLIN) 16225
942 ## - ADDED ENTRY ELEMENTS (KOHA)
Source of classification or shelving scheme Other/Generic Classification Scheme
Koha item type Book
Holdings
Withdrawn status Lost status Source of classification or shelving scheme Damaged status Not for loan Home library Current library Date acquired Source of acquisition Inventory number Total Checkouts Full call number Barcode Date last seen Price effective from Koha item type
    Other/Generic Classification Scheme     MUST Main Library MUST Main Library 22/08/2022 Purchase 22/41940   WN100 B22r 2006 2022-7925 22/08/2022 22/08/2022 Book
    Other/Generic Classification Scheme     MUST Main Library MUST Main Library 22/08/2022 Purchase 22/41941   WN100 B22r 2006 2022-7926 22/08/2022 22/08/2022 Book